Maintain a common standard (Record no. 71510)
[ view plain ]
| 000 -LEADER | |
|---|---|
| fixed length control field | 01129cam a2200217 4500 |
| 001 - CONTROL NUMBER | |
| control field | ABS66104 |
| 008 - FIXED-LENGTH DATA ELEMENTS--GENERAL INFORMATION | |
| fixed length control field | 021104n2002 000 0 eng u |
| 035 ## - SYSTEM CONTROL NUMBER | |
| System control number | (Sirsi) u120353 |
| 100 ## - MAIN ENTRY--PERSONAL NAME | |
| Personal name | Williams, P. |
| 245 ## - TITLE STATEMENT | |
| Title | Maintain a common standard |
| 260 ## - PUBLICATION, DISTRIBUTION, ETC. | |
| Date of publication, distribution, etc. | 2002 |
| 490 ## - SERIES STATEMENT | |
| Series statement | Estates Gazette |
| Volume/sequential designation | (0239) 28 September 2002, 143(1) |
| 520 ## - SUMMARY, ETC. | |
| Summary, etc. | Examines the Commercial Property Standard Enquiries (CPSEs), drafted by the London Property Support Lawyers Group and launched in September. CPSEs aim to speed up conveyancing transactions and improve the process for lawyers and clients. Outlines the benefits of standardising documents and the drafting criteria that were used. The CPSEs and their guidance notes are available on the property section of the Practical Law Company (PLC) website at www.practicallaw.com/property and can be reproduced free of charge provided that they are not amended. |
| 590 ## - LOCAL NOTE (RLIN) | |
| Local note | ABS |
| 650 ## - SUBJECT ADDED ENTRY--TOPICAL TERM | |
| Topical term or geographic name entry element | CONVEYANCING |
| 650 ## - SUBJECT ADDED ENTRY--TOPICAL TERM | |
| Topical term or geographic name entry element | COMMERCIAL PROPERTY STANDARD ENQUIRIES |
| 650 ## - SUBJECT ADDED ENTRY--TOPICAL TERM | |
| Topical term or geographic name entry element | PROPERTY TRANSACTIONS |
| 650 ## - SUBJECT ADDED ENTRY--TOPICAL TERM | |
| Topical term or geographic name entry element | HOUSE BUYERS |
| 690 ## - LOCAL SUBJECT ADDED ENTRY--TOPICAL TERM (OCLC, RLIN) | |
| Topical term or geographic name as entry element | PROPERTY AND LAND LAW-CONVEYANCING |
| 942 ## - ADDED ENTRY ELEMENTS (KOHA) | |
| Suppress in OPAC | 0 |
| Withdrawn status | Lost status | Source of classification or shelving scheme | Damaged status | Not for loan | Home library | Current library | Shelving location | Date acquired | Total Checkouts | Full call number | Barcode | Date last seen | Copy number | Price effective from | Koha item type |
|---|---|---|---|---|---|---|---|---|---|---|---|---|---|---|---|
| Dewey Decimal Classification | London | London | Journal article | 04/11/2002 | ABS66104 | 120353-1001 | 06/08/2019 | 1 | 06/08/2019 | Journal article |